Афоризмы, изречения
| מחבר ראשי: | |
|---|---|
| מחברים אחרים: | , |
| שפה: | רוסית |
| יצא לאור: |
Москва, Политиздат, 1987
|
| נושאים: |
Маркс
> Карл
> К.
> немецкий мыслитель
> общественный деятель
> основоположник марксизма
> 1818 - 1883
Ленин
> В. И.
> настоящая фамилия Ульянов
> российский политический деятель
> 1870 - 1924
> Владимир Ильич
|
| פורמט: | ספר |
| KOHA link: | https://koha.lib.tpu.ru/cgi-bin/koha/opac-detail.pl?biblionumber=72490 |
MARC
| LEADER | 00000nam0a2200000 4500 | ||
|---|---|---|---|
| 001 | 72490 | ||
| 005 | 20231101212639.0 | ||
| 035 | |a (RuTPU)RU\TPU\book\77297 | ||
| 090 | |a 72490 | ||
| 100 | |a 20050125d1987 km y0rusy50 ca | ||
| 101 | 0 | |a rus | |
| 102 | |a RU | ||
| 105 | |a a z 001zy | ||
| 200 | 1 | |a Афоризмы, изречения |f К. Маркс, Ф. Энгельс, В. И. Ленин | |
| 210 | |a Москва |c Политиздат |d 1987 | ||
| 215 | |a 541 с. |c ил. | ||
| 600 | 1 | |a Маркс |g Карл |b К. |c немецкий мыслитель |c общественный деятель |c основоположник марксизма |f 1818 - 1883 |2 stltpui |3 (RuTPU)RU\TPU\pers\297 | |
| 600 | 1 | |2 stltpui |3 (RuTPU)RU\TPU\pers\1074 |a Ленин |b В. И. |c настоящая фамилия Ульянов |c российский политический деятель |f 1870 - 1924 |g Владимир Ильич |9 486 | |
| 600 | 1 | |a Энгельс |g Фридрих |b Ф. |c немецкий мыслитель и общественный деятель |c один из основоположников марксизма |f 1820 - 1895 |2 stltpui |3 (RuTPU)RU\TPU\pers\530 | |
| 610 | 1 | |a афоризмы | |
| 610 | 1 | |a изречения | |
| 610 | 1 | |a высказывания | |
| 610 | 1 | |a сборники | |
| 686 | |a А11 |2 rubbk | ||
| 700 | 1 | |a Маркс |b К. |c немецкий мыслитель |c общественный деятель |c основоположник марксизма |f 1818-1883 |g Карл |2 stltpush |3 (RuTPU)RU\TPU\pers\297 |9 147 | |
| 701 | 1 | |a Энгельс |b Ф. |c немецкий мыслитель и общественный деятель |c один из основоположников марксизма |f 1820-1895 |g Фридрих |2 stltpush |3 (RuTPU)RU\TPU\pers\530 |9 250 | |
| 701 | 1 | |a Ленин |b В. И. |c настоящая фамилия Ульянов |c российский политический деятель |f 1870-1924 |g Владимир Ильич |2 stltpush |3 (RuTPU)RU\TPU\pers\1074 |9 486 | |
| 801 | 1 | |a RU |b 63413507 |c 20050125 |g PSBO | |
| 801 | 2 | |a RU |b 63413507 |c 20180831 |g PSBO | |
| 942 | |c BK | ||